000 00965nam a22002417a 4500
005 20240530110600.0
008 160905s2014 ua a g 000 0dara d
017 _a2010/22398
_bمصر . دار الكتب المصريه
020 _a9789772088878
040 _aEG-CaGPL
082 0 4 _221
_a932.0074
_bق/ج م
100 0 _a جلال احمد ابو بكر .
245 1 0 _aمتاحف الاثار :
_bكنوز الماضى : ثروات المستقبل /
_cتاليف جلال احمد ابو بكر .
250 _aط1 .
260 _aالقاهره :
_bمكتبه مدبولى ،
_c2014 .
300 _a194 ص :
_bايض ؛
_c24 سم .
490 0 _aصفحات من تاريخ مصر الفرعونيه
504 _aببليوجرافيه : ص 153 - 161
650 0 4 _aمصر
_xالاثار
_zمتاحف
650 0 4 _aمصر
_xالاثار الاسلاميه
_zمتاحف
942 _2ddc
_cBK
999 _c62653
_d62653